000 00902nam a2200265Ia 4500
003 OSt
005 20221005111408.0
006 a|||||r|||| 00| 0
007 ta
008 221004b |||||||| |||| 00| 0 hin d
020 _a9789350728840 (hbk)
_c795
024 _a20075
037 _b515, 21/03/2015, Vani Prakashan
_cTextual
040 _aCRL
_cCRL
_bhin
041 _2hin
_ahin
082 _aO152,1N387x, Q5
100 _aफा़ज़ली, निदा
245 0 _aशहर में गॉंव
246 _aShahar mean gaॉanva
260 _aनई दिल्ली
_bवाणी प्रकाशन भारत
_c2015
300 _a554पृ0
_ccm.
650 _aहिन्दी साहित्य
942 _hO152,1N387x, Q5
_cTEXL
_2cc
999 _c1021719
_d1021719